00848nab a2200241uuc4500001000800000005001700008008004100025035001200066035002100078040001300099041000800112100002900120245012700149260001000276650001900286650002400305650002600329650003500355650002100390650002400411700003500435773013600470120574720240202095602.0100629s2009 eng  a1205747 a(OCoLC)820546702 ccomduadb aeng10aRoyle, Phaedra4auteaut10aIs bigger better? corpus and dictionary use in the search for compounds, collocations, derived forms and fixed expressions c2009. aCompound words aPalabras compuestas aCorpus based research aInvestigacion basada en corpus aDictionary usage aUso del diccionario10aRichardson, Isabelle4auteaut0 tMeta : Journal des Traducteurs : Translators' Journal (Canadá)gVol. 54, No. 03, Sep. 2009, p. 520-532w688018x0026-04520212758